000 00869cab a22002175a 4500
001 L143362
008 080429e20080425xxk f 000 0 eng d
035 _a(Sirsi) u143362
041 0 _aeng
100 1 _aMayer, Peter
245 0 0 _aSpecifier
_bsustainability and innovation - how to get good grades
260 _c2008
490 0 _aBuilding
_v273(8526) 25 April 2008, 105(1)
520 _aOutlines how school building projects can obtain BREEAM credits so they can achieve a BREEAM rating of 'very good', and highlights the associated costs. The specification options for lifecycle costing of school buildings covers structural grade timber and floor coverings.
590 _aKA
650 2 4 _aBREEAM RATING
651 4 _aUnited Kingdom
_y
690 _aBUILT ENVIRONMENT-BUILDING COSTS
690 _aBUILT ENVIRONMENT-SUSTAINABLE CONSTRUCTION
942 _n0
999 _c80154
_d80154